Statistics for John Belushi Filmography

Click here to take the quiz!

General Stats

  • This quiz has been taken 22 times
    (12 since last reset)
  • The average score is 4 of 22

Answer Stats

TypeYearName% Correct
Film1980The Blues Brothers
100%
TV Show1975-1979Saturday Night Live
50%
Film1978National Lampoon's Animal House
40%
Film19791941
30%
Film1981Continental Divide
30%
Film1981Neighbors
30%
Film1978Goin' South
20%
TV Film1978All You Need Is Cash
10%
Documentary2020Belushi
10%
Film1979Old Boyfriends
10%
Film1975Tarzoon: Shame of the Jungle
10%
TV Film1976The Beach Boys: It's OK
10%
TV Film1978Things We Did Last Summer
10%
TV Special1978Grateful Dead: The Closing of Winterland
0%
Theater1973National Lampoon: Lemmings
0%
TV Special2005Saturday Night Live: The Best of John Belushi
0%
TV Special2002SNL Remembers John Belushi
0%
TV Special1981Steve Martin's Best Show Ever
0%
Concert Film1978The Blues Brothers: Soul Biscuit
0%
Radio Series1973-1974The National Lampoon Radio Hour
0%
Theater1975The National Lampoon Show
0%
TV Special1977The Richard Pryor Special
0%

Score Distribution

Percentile by Number Answered

Percent of People with Each Score

Your Score History

You have not taken this quiz since the last reset